000 06807nam a22003377i 4500
003 DO-SdBNP
005 20250120102852.0
007 ta
008 091102s1923 dr 000 0 spa d
020 _a9789945250701
040 _aDO-SdBNP
_bspa
_cBNPHU
_erda
082 0 4 _222
_a123.5
_bP438e
100 1 _aFreites Roque, Arturo,
_d 1879-1914
_eautor
_928219
245 1 0 _aEnrique Dussel :
_bla cuestión del sujeto y la crítica filosófica en América Latina : filosofía, modernidad e historia (génesis y constitución de una crítica) 1960-2000 /
_cFrancisco Pérez Soriano ; edición, William Capellán Ferreira
264 _aSanto Domingo :
_bArchivo General de la Nación,
_c2023
300 _a612 páginas ;
_c21 cm.
336 _2rdacontent
_atexto
_btxt
337 _2rdamedia
_asin mediación
_bn
338 _2rdacarrier
_avolumen
_bnc
490 _aArchivo General de la Nación ;
_v425
500 _aContiene una lista de las ultimas publicaciones del Archivo General de la Nación
505 _aNotas preliminares, 17.-- PRIMERA PARTE : EXPERIENCIA ORIGINARIA Y NACIMIENTO DE UN PROYECTO FILOSOFICO ; GENESIS TEOLOGICO-FILOSOFICA DE LA IDEA DE ALTERIDAD (1959-1969) / Apertura, 35.-- EXPERIENCIA ORIGINARIA Y SURGIMIENTO GEOCULTURAL DE UN PROYECTO FILOSOFICO (1959-1964) / Drama personal y simientes de otredad, 43.-- Experiencia originaria y punto de partida de una crítica filosófica, 47.-- Llamado y toma de conciencia, 51.-- ¿Existe un precedente romántico e historicista en Dussel?, 59.-- Del silencio creativo a la construcción del presente a partir de una nueva visión de la historia, 67.-- Búsqueda de un nuevo horizonte de comprensión y nacimiento de un proyecto filosófico latinoamericano, 75.-- Crítica de la condición y teología de la liberación, 78.-- Otredad y antropología moderna, 82.-- Crítica del Mesianismo y ser latinoamericano, 85.-- ¿Por qué partir de más de Jerusalén que de Atenas?, 87.-- Destellos de otredad. Orígenes constitutivos de una antropología filosófica, 89.-- Sospecha y mundo intencional, 95.-- Ser humano y horizonte cultural : intersubjetividad e historicidad, 103.-- Del contenido intencional y la inconmensurabilidad, 105.-- Historicidad vs historia universal, 109.-- GENESIS TEOLOGICO-FILOSOFICA DE LA IDEA DUSSELIANA DE ALTERIDAD. HACIA LA BUSQUEDA DE LA UNIDAD ORIGINARIA (1964-1969) / Crítica general del fundamento teológico, 119.-- Prospectiva de una idea. Hacia la crítica filosófica de la religión como posibilidad para repensar de manera auténtica AL, 121.-- Autoconciencia y corporalidad como fuentes de alteridad, 133.-- Abraham como figura histórica y crítica al humanismo griego, 144.-- Tradición alejandrina y base metafísica originaria de la antropología semita, 158.-- Totalidad viviente y sentido de la existencia, 164.-- Intersubjetividad y el origen del mal en la historia, 167.-- Del sabio griego y el profeta semita. De la polis a la comunidad, 172.-- ¿Ontologismo escatológico o historificación ontológica?, 181.-- De la ontología culturalista a la crítica de la metafísica moderna, 185.-- Cristiandad y helenización, 188.-- De la escatología a la exterioridad metafísica, 194.-- De Ricoeur a Heidegger, 201.-- Consideraciones finales, 209.-- SEGUNDA PARTE : VÍAS CRÍTICAS DE CONSTITUCION DE UNA ETICA DE LA LIBERACION Y ONTOLOGIA DE LA DIFERENCIA ; LO ETICO-METAFISICO COMO NUCLEO DE UN IDEAL DE ALTERIDAD Y UN PENSAMIENTO FILOSOFICO SITUADO (1969-1986) / Apertura, 227.-- VIAS FILOSOFICAS CONSTITUTIVAS DEL SUJETO DE LIBERACION O DE ONTOLOGIA DE LA DIFERENCIA A LA METAFISICA DE LA ALTERIDAD (1969-1975) / Etapa de prueba : crisis política y vía de consolidación de un filosofar liberador, 235.-- Ruptura o superación, 239.-- Dos tendencias, una realidad, 246.-- Más «acá» de Hegel y más «allá» de Schilling y Feuerbach. De la vía destructiva como estrategia de pensamiento, 251.-- Reconceptualización de la existencia y sentido de lo simbólico, 266.-- La vía heideggeriana de Carlos Astrada y Nimio de Anquín, 299.-- La facticidad como fundamento de un novedoso horizonte filosófico, 303.-- Praxis, mundo y libertad. hacia la alteridad perfectiva, 308.-- Aporía de lo mismo o de la imposibilidad de una ética de la alteridad desde la totalidad, 314.-- Idea del hombre. visos de un horizonte ético-metafísico, 318.-- Zubiri y la crítica al realismo y a la ontología fenomenológica. De Heidegger a Levinas, 327.-- ACERCA DEL GIRO ETICO-METAFISICO Y SU CONSTITUCION COMO NUCLEO DE UN PENSAMENTO LIBERADOR SITUADO (1975-1986) / Dussel ante la recepción de la filosofía Levinasiana, 337.-- Matrices y ejes de ruptura, 349.-- De la hermenéutica de la totalidad ontológica de «lo mismo» a la analéctica dialógica de la liberación, 361.-- Del drama de la creación a la alteridad creadora, 373.-- Lo transontológico : muerte del otro en la espera y metafísica de lo dialogo como fundamento de la ética liberacionista, 381.-- Sentido metódico del filosofar. ¿Hacia un realismo escatológico?, 390.-- Del paso metódico esencial : lo ana-lógico, 394.-- Mas allá del saber o de la fe existencial como esencia de alteridad, 397.-- Ética y metafísica : lo unívoco vs lo analógico, 404.-- TERCERA PARTE : PROSPECTIVA DE UNIVERSALIDAD Y AUTENTICIDAD COMPRENSIVA DEL PENSAMIENTO LATINOAMERICANO EN UN MUNDO GLOBALIZADO ; DUSSEL : UTOPIA Y GEOPOLITICA DEL CONOCIMIENTO (1986-2000) / ACERCA DE LA POSIBILIAD DE UN AUTENTICO PROYECTO FILOSOFICO LATINOAMERICANO EN UN MUNDO GLOBAL (1975-2000) Aclimatación y crítica ante la recepción de Marx, 509.-- Descentramiento conceptual : acerca de Wallerstein y la crítica de Fornet-Betancourt, 512.-- ¿Filosofía política como filosofía desde la periferia?, 518.-- Transmodernidad y exterioridad, 526.-- ALTERIDAD DE LOS SABERES, UTOPÍA Y GEOPOLITICA DEL CONOCIMIENTO (1986-2000) Alteridad de los saberes y critica a la antropología cultural, 531.-- De la traducción como categoría analéctica, 539.-- De la razón emancipadora a la razón liberadora, 545.-- Alteridad de los saberes, responsabilidad social y descolonización del saber, 552.-- Comunidad de vida, exclusión y proximidad, 559.-- A modo de hipnosis, 567.-- Conclusión : universalidad situada, 575.-- Bibliografía y forma de citar, 591.-- Siglas de las obras citadas de E. Dussel, 591.-- Reseñas de fuentes estudiadas, 594.-- Bibliografía secundaria, 603.
590 _aInventariado, 2024/BT
600 _aDussel, Enrique D.
_985962
650 4 _aLibertad -- Filosofía.
_9223
650 4 _aFilosofía de la liberación
_985963
650 4 _aDussel; Totalidad; Exterioridad; Dislocación; Decolonial
_985964
700 _aCapellán Ferreira William,
_ecuidado de edición
_981863
910 _aBTavarez
942 _2ddc
_cLBS1
999 _c56769
_d56769